[Event "Pere Noel U1400 Online"]
[Site "Chess.com"]
[Date "2020.12.28"]
[Round "5"]
[White "Wen, Kevin"]
[Black "Villeneuve, Joel"]
[Result "0-1"]
[WhiteElo "1207"]
[BlackElo "1555"]
[PlyCount "112"]
[EventDate "2020.12.27"]
[EventType "swiss"]
[EventRounds "6"]
[EventCountry "CAN"]

1. e4 c6 2. Nf3 d5 3. exd5 cxd5 4. d4 Bf5 5. Nc3 e6 6. a3 Nc6 7. Bb5 Bd6 8. O-O
Qc7 9. h3 Nf6 10. Be3 O-O 11. Rc1 Rac8 12. Na4 Qa5 13. Bxc6 Rxc6 14. Nc3 Bxa3
15. bxa3 Qxc3 16. a4 Bxc2 17. Bd2 Bxd1 18. Bxc3 Bxf3 19. gxf3 Rfc8 20. Bd2 Rxc1
21. Rxc1 Rxc1+ 22. Bxc1 a6 23. Ba3 g6 24. Kf1 Nh5 25. Bc1 f5 26. Ke2 Kf7 27.
Kd3 Ke8 28. Kc3 Kd7 29. Kb4 Kc6 30. Ka5 Nf6 31. Bg5 Nd7 32. Bd8 Nb8 33. Bb6 h5
34. Bd8 Kd7 35. Bf6 Nc6+ 36. Kb6 Kc8 37. Kc5 Na5 38. Kd6 b5 39. axb5 axb5 40.
Kxe6 b4 41. Bg5 b3 42. Bc1 Nc4 43. Kxd5 b2 44. Bxb2 Nxb2 45. Kc6 Nd3 46. d5 Kd8
47. d6 Nxf2 48. Kd5 Nxh3 49. Ke6 Ng5+ 50. Kf6 Nxf3 51. Kxg6 h4 52. Kxf5 h3 53.
Kg4 h2 54. Kxf3 h1=Q+ 55. Kf4 Qh2+ 56. Ke4 Qxd6 0-1

[Event "Pere Noel U1400 Online"]
[Site "Chess.com"]
[Date "2020.12.28"]
[Round "5"]
[White "Yergeau, Samuel"]
[Black "Cormier, Roger"]
[Result "1-0"]
[WhiteElo "1106"]
[BlackElo "1257"]
[PlyCount "51"]
[EventDate "2020.12.27"]
[EventType "swiss"]
[EventRounds "6"]
[EventCountry "CAN"]

1. e4 e6 2. d4 d5 3. c4 c5 4. dxc5 Bxc5 5. Nc3 d4 6. Na4 Be7 7. Nf3 Nc6 8. a3
e5 9. b4 b6 10. b5 Nb8 11. Nxe5 Bb7 12. Qf3 Nf6 13. Bd3 Nbd7 14. Ng4 Nxg4 15.
Qxg4 Bf6 16. f4 O-O 17. Qh3 h6 18. O-O Re8 19. e5 Be7 20. Qf5 g6 21. Qh3 Bf8
22. f5 Nxe5 23. fxg6 Bg7 24. Bxh6 Re6 25. Bxg7 Nxg6 26. Bxg6 1-0

[Event "Pere Noel U1400 Online"]
[Site "Chess.com"]
[Date "2020.12.28"]
[Round "6"]
[White "Aboudy, Bassel"]
[Black "Houde, Jean-Francois"]
[Result "0-1"]
[WhiteElo "1121"]
[BlackElo "1411"]
[PlyCount "74"]
[EventDate "2020.12.27"]
[EventType "swiss"]
[EventRounds "6"]
[EventCountry "CAN"]

1. d4 Nf6 2. c4 g6 3. Nf3 Bg7 4. g3 d6 5. Nc3 Nbd7 6. Bg2 O-O 7. O-O e5 8. e4
Ne8 9. Be3 f6 10. Qd2 Rf7 11. Bh6 Nf8 12. Bxg7 Nxg7 13. dxe5 Bg4 14. exf6 Rxf6
15. Nd4 Bd7 16. Rae1 c5 17. Nd5 Rf7 18. Ne2 Bc6 19. f4 Bxd5 20. Qxd5 Qd7 21.
Nc3 a6 22. Rd1 Rd8 23. Rd2 Nfe6 24. Ne2 Qc6 25. Qxc6 bxc6 26. Rfd1 Rfd7 27. e5
d5 28. cxd5 cxd5 29. Bxd5 Kf8 30. Nc3 Nd4 31. Rxd4 cxd4 32. Rxd4 Ne6 33. Rd2
Nc7 34. e6 Nxe6 35. Bxe6 Rxd2 36. b3 Rc2 37. Ne4 Rd1# 0-1

[Event "Pere Noel U1400 Online"]
[Site "Chess.com"]
[Date "2020.12.28"]
[Round "6"]
[White "Cormier, Benoit"]
[Black "Cormier, Roger"]
[Result "1-0"]
[WhiteElo "1370"]
[BlackElo "1237"]
[PlyCount "97"]
[EventDate "2020.12.27"]
[EventType "swiss"]
[EventRounds "6"]
[EventCountry "CAN"]

1. e4 e6 2. d4 d5 3. exd5 exd5 4. Nf3 Nc6 5. Bb5 Bd7 6. O-O Nf6 7. Bg5 h6 8.
Bh4 a6 9. Ba4 Be7 10. c3 O-O 11. h3 Re8 12. Nbd2 b5 13. Bc2 Bd6 14. Re1 Bf4 15.
Nf1 a5 16. Rxe8+ Bxe8 17. Bxf6 Qxf6 18. Qd3 Qg6 19. Qxg6 fxg6 20. g3 Bd6 21.
Ne3 Ne7 22. Kg2 c6 23. Re1 Bd7 24. Nh4 g5 25. Nhf5 Nxf5 26. Nxf5 Bf8 27. g4 g6
28. Ne7+ Kg7 29. Nxg6 Bd6 30. Ne5 Be8 31. f3 Ra7 32. Kf2 Bxe5 33. Rxe5 Ra8 34.
Re7+ Kf6 35. Rh7 Bg6 36. Rxh6 Rg8 37. Rxg6+ Rxg6 38. Bxg6 Kxg6 39. Kg3 b4 40.
f4 bxc3 41. bxc3 a4 42. a3 Kf6 43. fxg5+ Kxg5 44. h4+ Kg6 45. Kf4 Kh6 46. Ke5
Kg7 47. Kd6 Kf7 48. Kxc6 Ke6 49. Kc5 1-0

[Event "Pere Noel U1400 Online"]
[Site "Chess.com"]
[Date "2020.12.28"]
[Round "6"]
[White "Villeneuve, Joel"]
[Black "Chelkowski, Jan"]
[Result "1-0"]
[WhiteElo "1558"]
[BlackElo "1246"]
[PlyCount "53"]
[EventDate "2020.12.27"]
[EventType "swiss"]
[EventRounds "6"]
[EventCountry "CAN"]

1. d4 b6 2. Bf4 Bb7 3. e3 e6 4. Nf3 c5 5. Nbd2 Qf6 6. Nc4 Ba6 7. dxc5 Bxc4 8.
cxb6 axb6 9. Bxc4 Bb4+ 10. c3 Bxc3+ 11. bxc3 Qxc3+ 12. Nd2 Nc6 13. O-O Nf6 14.
Rc1 Qb4 15. Rb1 Qc5 16. Bc7 Nd5 17. Rb5 Qe7 18. Bxd5 exd5 19. Bxb6 Ra6 20. Bc5
Qe6 21. Qb3 Ra8 22. Rb1 Rd8 23. Rb6 Qe5 24. Nf3 Qf5 25. Nd4 Nxd4 26. exd4 Qg5
27. Re1+ 1-0

[Event "Pere Noel U1400 Online"]
[Site "Chess.com"]
[Date "2020.12.28"]
[Round "6"]
[White "Yergeau, Samuel"]
[Black "Eriew, David"]
[Result "1-0"]
[WhiteElo "1167"]
[BlackElo "995"]
[PlyCount "87"]
[EventDate "2020.12.27"]
[EventType "swiss"]
[EventRounds "6"]
[EventCountry "CAN"]

1. e4 e6 2. d4 d5 3. e5 c5 4. c3 Nc6 5. Nf3 Bd7 6. Bb5 Nxe5 7. Bxd7+ Nxd7 8.
O-O Ngf6 9. Bg5 Be7 10. Bxf6 Nxf6 11. Qa4+ Qd7 12. Qc2 O-O 13. Ne5 Qc7 14. Qe2
Nd7 15. f4 Nxe5 16. dxe5 f6 17. Nd2 fxe5 18. fxe5 Rxf1+ 19. Rxf1 Rf8 20. Rxf8+
Bxf8 21. c4 Qb6 22. Nf3 Qa6 23. b3 dxc4 24. bxc4 Qa4 25. Ng5 Qe8 26. Qe4 g6 27.
Qxb7 Bh6 28. Qxh7+ Kf8 29. Qxh6+ Ke7 30. Qg7+ Kd8 31. Qf6+ Kc8 32. Nxe6 Qd7 33.
Qf8+ Kb7 34. Nxc5+ Kc6 35. Nxd7 Kxd7 36. Qd6+ Ke8 37. e6 a5 38. Qd7+ Kf8 39.
e7+ Kg7 40. e8=Q+ Kh6 41. Qh8+ Kg5 42. Qe7+ Kf4 43. Qee5+ Kg4 44. Qh3# 1-0

[Event "Pere Noel U1800 Online"]
[Site "Chess.com"]
[Date "2020.12.27"]
[Round "1"]
[White "Boileau, Dominic"]
[Black "Zuo, Roger"]
[Result "1-0"]
[WhiteElo "1963"]
[BlackElo "1544"]
[PlyCount "127"]
[EventDate "2020.12.27"]
[EventType "swiss"]
[EventRounds "6"]
[EventCountry "CAN"]

1. d4 d5 2. c4 e6 3. Nc3 Nf6 4. cxd5 exd5 5. Bg5 Be7 6. e3 c6 7. Bd3 h6 8. Bh4
O-O 9. Nge2 Nbd7 10. Qc2 Nb6 11. O-O Bd7 12. Rad1 Rc8 13. Bxf6 Bxf6 14. b4 Re8
15. a4 Be6 16. Nf4 Qd6 17. Nxe6 fxe6 18. a5 Nd7 19. e4 Bxd4 20. exd5 cxd5 21.
Bh7+ Kh8 22. Rxd4 Qc7 23. Bg6 Rf8 24. Rc1 Nf6 25. Rd2 Ng4 26. g3 Ne5 27. Bh5
Nc4 28. Rdd1 Ne5 29. Qe2 Qb8 30. Nb5 a6 31. Rxc8 Rxc8 32. Nd4 Qd6 33. f4 Nc4
34. Qxe6 Qxe6 35. Nxe6 Ne3 36. Rd2 Rc1+ 37. Kf2 Nf5 38. Rxd5 Rc2+ 39. Kf3 Ne7
40. Rd8+ Kh7 41. Rd7 Nf5 42. Nf8+ Kg8 43. Rd8 g5 44. Bg6 Kg7 45. Bxf5 Rc3+ 46.
Kg4 gxf4 47. Ne6+ Kf6 48. Nxf4 Ra3 49. Rd7 h5+ 50. Nxh5+ Ke5 51. Rxb7 Ra4 52.
Bd7 Ra3 53. h4 Rd3 54. Nf4 Rd4 55. h5 Kf6 56. Rb6+ Ke5 57. Kg5 Rxd7 58. Rxa6
Rg7+ 59. Rg6 Rf7 60. a6 Rf5+ 61. Kh4 Rf8 62. b5 Kf5 63. b6 Rh8 64. b7 1-0

[Event "Pere Noel U1800 Online"]
[Site "Chess.com"]
[Date "2020.12.27"]
[Round "1"]
[White "Dugas, Hugues"]
[Black "Duval, Mathieu"]
[Result "1-0"]
[WhiteElo "1433"]
[BlackElo "1593"]
[PlyCount "81"]
[EventDate "2020.12.27"]
[EventType "swiss"]
[EventRounds "6"]
[EventCountry "CAN"]

1. g3 c5 2. Bg2 Nc6 3. d3 d6 4. e4 g6 5. Nf3 Bg7 6. c3 Nf6 7. O-O O-O 8. Na3
Bg4 9. h3 Bd7 10. Nh2 a6 11. f4 Qc8 12. Nc4 Qc7 13. g4 b5 14. Ne3 Qc8 15. f5 a5
16. Bf3 b4 17. g5 Ne8 18. Bd2 Ne5 19. Be2 Bb5 20. c4 Bd7 21. Nd5 Qd8 22. a3 Nc6
23. Rb1 e6 24. f6 exd5 25. fxg7 Nxg7 26. cxd5 Nd4 27. Bg4 Bxg4 28. Nxg4 a4 29.
Nh6+ Kh8 30. Nxf7+ Rxf7 31. Rxf7 Nb3 32. Be3 Qe8 33. Qf3 bxa3 34. bxa3 Rb8 35.
Qf6 Qg8 36. Rf1 Na5 37. Rd7 c4 38. Bd4 cxd3 39. Rxg7 Qd8 40. Re7+ Kg8 41. Qg7#
1-0

[Event "Pere Noel U1800 Online"]
[Site "Chess.com"]
[Date "2020.12.27"]
[Round "1"]
[White "Guillemette, Thomas"]
[Black "Dufresne, Alexandre"]
[Result "0-1"]
[WhiteElo "1388"]
[BlackElo "1782"]
[PlyCount "96"]
[EventDate "2020.12.27"]
[EventType "swiss"]
[EventRounds "6"]
[EventCountry "CAN"]

1. e4 c5 2. Nf3 Nc6 3. d4 cxd4 4. Nxd4 e6 5. Nc3 a6 6. Be3 Qc7 7. Bc4 Nf6 8.
O-O b5 9. Be2 b4 10. Nb1 Nxe4 11. Nxc6 Qxc6 12. Bf3 d5 13. Qd3 Bb7 14. Re1 Rc8
15. Nd2 Nxd2 16. Bxd2 Qxc2 17. Qd4 Qc4 18. Qb6 Qc7 19. Qd4 Qc5 20. Qe5 Qd6 21.
Qd4 Rc4 22. Qa7 Qc7 23. b3 Bc5 24. Qxc5 Rxc5 25. Bxb4 Rc2 26. Rad1 a5 27. Bd2
O-O 28. a3 Rc8 29. h3 Qb6 30. b4 axb4 31. axb4 f6 32. Bg4 e5 33. Bxc8 Bxc8 34.
Re2 d4 35. Ra1 Ba6 36. b5 Qxb5 37. Rae1 Qxe2 38. Rxe2 Bxe2 39. Bb4 d3 40. g4 d2
41. Bxd2 Rxd2 42. Kg2 e4 43. Kg3 Rd3+ 44. Kh4 Bf1 45. g5 f5 46. f3 Rxf3 47. g6
h6 48. Kh5 Rxh3# 0-1

[Event "Pere Noel U1800 Online"]
[Site "Chess.com"]
[Date "2020.12.27"]
[Round "1"]
[White "Lemay, Marc-Antoine"]
[Black "Wu, Ting En Ryan"]
[Result "1-0"]
[WhiteElo "1563"]
[BlackElo "959"]
[PlyCount "77"]
[EventDate "2020.12.27"]
[EventType "swiss"]
[EventRounds "6"]
[EventCountry "CAN"]

1. d4 d5 2. Nf3 Nf6 3. Bf4 e6 4. e3 c6 5. c4 Be7 6. Nc3 O-O 7. c5 Nbd7 8. Be2
Re8 9. O-O Bf8 10. Qc2 b6 11. b4 Bb7 12. a4 Rc8 13. a5 b5 14. Rfe1 a6 15. Rad1
h6 16. h4 g6 17. e4 Bg7 18. e5 Nh7 19. Qd2 h5 20. Bh6 Rb8 21. Bd3 Qe7 22. Ne2
Qf8 23. Bxg7 Kxg7 24. Ng5 Nxg5 25. Qxg5 Qe7 26. Qg3 Nf8 27. Nf4 Ba8 28. Nxh5+
Kh8 29. Nf6 Red8 30. h5 Nh7 31. Nxh7 Kxh7 32. hxg6+ fxg6 33. Qxg6+ Kh8 34. Re3
Qg7 35. Rh3+ Kg8 36. Qxe6+ Qf7 37. Rh8+ Kxh8 38. Qxf7 Rb7 39. Qf6+ 1-0

[Event "Pere Noel U1800 Online"]
[Site "Chess.com"]
[Date "2020.12.27"]
[Round "1"]
[White "Mohit, Surdasji"]
[Black "Berlinguet, Etienne"]
[Result "1-0"]
[WhiteElo "2065"]
[BlackElo "1320"]
[PlyCount "91"]
[EventDate "2020.12.27"]
[EventType "swiss"]
[EventRounds "6"]
[EventCountry "CAN"]

1. e4 e6 2. d4 d5 3. Nd2 Nf6 4. e5 Nfd7 5. f4 c5 6. c3 Nc6 7. Ngf3 Qb6 8. Nb3
Be7 9. Be3 cxd4 10. Nfxd4 Nxd4 11. Bxd4 Qc7 12. Bd3 O-O 13. Qh5 g6 14. Qg4 f5
15. Qf3 Nc5 16. Bc2 Ne4 17. h4 Qd8 18. O-O-O Bxh4 19. Qh3 Ng3 20. Rh2 g5 21.
fxg5 Qxg5+ 22. Kb1 b6 23. Qxh4 Qxh4 24. Rxh4 Ba6 25. Bf2 Ne4 26. Be3 Be2 27.
Rdh1 h5 28. Kc1 Ng3 29. R1h2 Nf1 30. R2h3 Bg4 31. Bf2 Bxh3 32. Rxh3 f4 33. Rxh5
Ne3 34. Bb1 Rf7 35. Nd4 Rg7 36. Nxe6 Rxg2 37. Bh7+ Kf7 38. Ng5+ Ke7 39. Bh4 Kd7
40. e6+ Kc7 41. Bg6 Rg1+ 42. Kd2 Rd1+ 43. Ke2 d4 44. cxd4 Rd8 45. e7 R8xd4 46.
Ne6+ 1-0

[Event "Pere Noel U1800 Online"]
[Site "Chess.com"]
[Date "2020.12.27"]
[Round "1"]
[White "Potvin, Alain-Nicolas"]
[Black "Fortin, Anne-Esmee"]
[Result "0-1"]
[WhiteElo "1506"]
[BlackElo "1592"]
[PlyCount "76"]
[EventDate "2020.12.27"]
[EventType "swiss"]
[EventRounds "6"]
[EventCountry "CAN"]

1. d4 Nf6 2. Nf3 d5 3. Bf4 Bf5 4. e3 e6 5. Nbd2 Nbd7 6. c3 c5 7. Qb3 Qb6 8. Ne5
Qxb3 9. axb3 Nxe5 10. Bxe5 Nd7 11. Bb5 cxd4 12. Bxd4 a6 13. Nf3 O-O-O 14. Be2
f6 15. c4 Bb4+ 16. Bc3 Bxc3+ 17. bxc3 Nb6 18. c5 Nd7 19. b4 e5 20. O-O Nb8 21.
Nh4 Be6 22. f4 e4 23. f5 Bd7 24. g4 Rhf8 25. Ng2 Kc7 26. Nf4 Bc8 27. Rad1 Kc6
28. Rd2 Rfe8 29. Rfd1 g6 30. fxg6 hxg6 31. Nxd5 Rf8 32. Ne7+ Kc7 33. Rxd8 Rxd8
34. Rxd8 Kxd8 35. Nxg6 Nc6 36. Nf4 Ke7 37. Nd5+ Ke6 38. Nb6 Bd7 0-1

[Event "Pere Noel U1800 Online"]
[Site "Chess.com"]
[Date "2020.12.27"]
[Round "2"]
[White "Dufresne, Alexandre"]
[Black "Lemay, Marc-Antoine"]
[Result "0-1"]
[WhiteElo "1613"]
[BlackElo "1582"]
[PlyCount "52"]
[EventDate "2020.12.27"]
[EventType "swiss"]
[EventRounds "6"]
[EventCountry "CAN"]

1. d4 d5 2. Nf3 Nf6 3. Bg5 e6 4. c4 Be7 5. Nc3 Nc6 6. e3 O-O 7. Rc1 h6 8. Bh4
Ne4 9. Bxe7 Qxe7 10. a3 Nxc3 11. Rxc3 dxc4 12. Bxc4 e5 13. d5 e4 14. dxc6 exf3
15. Qxf3 bxc6 16. Qxc6 Rb8 17. Rb3 Rxb3 18. Bxb3 Qe5 19. Qc1 Ba6 20. f3 Qb5 21.
Qc2 Rd8 22. Kf2 Rd3 23. Ba4 Qg5 24. Qc1 Qa5 25. Bc2 Rd2+ 26. Kg1 Rxc2 0-1

[Event "Pere Noel U1800 Online"]
[Site "Chess.com"]
[Date "2020.12.27"]
[Round "2"]
[White "Dugas, Hugues"]
[Black "Mohit, Surdasji"]
[Result "1-0"]
[WhiteElo "1448"]
[BlackElo "1832"]
[PlyCount "47"]
[EventDate "2020.12.27"]
[EventType "swiss"]
[EventRounds "6"]
[EventCountry "CAN"]

1. g3 e5 2. Bg2 d5 3. Nh3 Nf6 4. O-O Be6 5. f3 Bc5+ 6. e3 Nbd7 7. d4 exd4 8.
exd4 Bb6 9. Nf4 O-O 10. Re1 Re8 11. Nc3 c6 12. Na4 Bc7 13. Nxe6 fxe6 14. Bh3 e5
15. Bg5 b5 16. Nc5 Nxc5 17. dxc5 h6 18. Bxf6 Qxf6 19. b4 Rf8 20. Rf1 Qg6 21.
Kh1 h5 22. a4 Rf6 23. axb5 cxb5 24. Qxd5+ 1-0

[Event "Pere Noel U1800 Online"]
[Site "Chess.com"]
[Date "2020.12.27"]
[Round "2"]
[White "Duval, Mathieu"]
[Black "Berlinguet, Etienne"]
[Result "1-0"]
[WhiteElo "1597"]
[BlackElo "1272"]
[PlyCount "67"]
[EventDate "2020.12.27"]
[EventType "swiss"]
[EventRounds "6"]
[EventCountry "CAN"]

1. d4 Nf6 2. c4 g6 3. Nc3 Bg7 4. e4 d6 5. f4 O-O 6. Nf3 c5 7. d5 Nbd7 8. Be2 a6
9. O-O Rb8 10. h3 Nh5 11. Kh2 Qc7 12. Ng5 Nhf6 13. Bd2 h6 14. Nf3 Nh7 15. Qe1
e5 16. fxe5 Nxe5 17. Nxe5 Bxe5+ 18. g3 Qd7 19. Bg4 f5 20. exf5 gxf5 21. Be2 Qg7
22. Rg1 Kh8 23. Qc1 Ng5 24. h4 Nf7 25. Bh5 Rg8 26. Bf4 Kh7 27. Bxf7 Qxf7 28.
Bxh6 Qh5 29. Bf4 Bxf4 30. Qxf4 Rg6 31. Rae1 Rg8 32. Qxd6 Ra8 33. Re7+ Kh8 34.
Qf6+ 1-0

[Event "Pere Noel U1800 Online"]
[Site "Chess.com"]
[Date "2020.12.27"]
[Round "2"]
[White "Fortin, Anne-Esmee"]
[Black "Boileau, Dominic"]
[Result "0-1"]
[WhiteElo "1587"]
[BlackElo "1988"]
[PlyCount "50"]
[EventDate "2020.12.27"]
[EventType "swiss"]
[EventRounds "6"]
[EventCountry "CAN"]

1. e4 e5 2. Nf3 Nf6 3. Nc3 Nc6 4. Bc4 Nxe4 5. Bxf7+ Kxf7 6. Nxe4 d5 7. Neg5+
Kg8 8. d3 h6 9. Nh3 Bg4 10. O-O Nd4 11. Re1 Nxf3+ 12. gxf3 Bxh3 13. Rxe5 Qf6
14. Rxd5 Qg6+ 15. Bg5 c6 16. Re5 Bd6 17. Qe2 Bxe5 18. Qxe5 Qxg5+ 19. Qg3 Qxg3+
20. fxg3 Re8 21. Kf2 h5 22. c4 Rh6 23. Rd1 Rhe6 24. Rd2 Re1 25. b4 Rf1# 0-1

[Event "Pere Noel U1800 Online"]
[Site "Chess.com"]
[Date "2020.12.27"]
[Round "2"]
[White "Wu, Ting En Ryan"]
[Black "Guillemette, Thomas"]
[Result "0-1"]
[WhiteElo "954"]
[BlackElo "1393"]
[PlyCount "104"]
[EventDate "2020.12.27"]
[EventType "swiss"]
[EventRounds "6"]
[EventCountry "CAN"]

1. e4 c5 2. Nf3 d6 3. d4 cxd4 4. Nxd4 Nf6 5. Nc3 g6 6. Be3 Bg7 7. f3 O-O 8. Bc4
Nc6 9. Bb3 Na5 10. Qd2 Nxb3 11. Nxb3 Bd7 12. O-O-O Rc8 13. h4 h5 14. g4 a5 15.
Nd4 a4 16. Nde2 b5 17. Ng3 b4 18. Nd5 b3 19. axb3 axb3 20. c3 Ra8 21. Qe2 Ra1+
22. Kd2 Ra2 23. Ke1 hxg4 24. Nxf6+ Bxf6 25. h5 gxf3 26. Qxf3 Kg7 27. h6+ Kh7
28. Qf2 Bxc3+ 29. Bd2 Rxb2 30. Qe3 Bxd2+ 31. Rxd2 Rxd2 32. Qxd2 f6 33. Qb2 Qa5+
34. Kf2 Qa2 35. Qxa2 bxa2 36. Ra1 Be6 37. Ne2 Rb8 38. Nc3 Rb2+ 39. Ke1 Rc2 40.
Nd5 Rb2 41. Nc3 Rb3 42. Nxa2 Ra3 43. Rc1 Rxa2 44. Rc7 Kxh6 45. Rxe7 Bg4 46. Rf7
Kg5 47. Rb7 Re2+ 48. Kf1 Rxe4 49. Rb6 d5 50. Kf2 d4 51. Rb4 Kf4 52. Rb3 Re3 0-1

[Event "Pere Noel U1800 Online"]
[Site "Chess.com"]
[Date "2020.12.27"]
[Round "2"]
[White "Zuo, Roger"]
[Black "Potvin, Alain-Nicolas"]
[Result "0-1"]
[WhiteElo "1533"]
[BlackElo "1574"]
[PlyCount "114"]
[EventDate "2020.12.27"]
[EventType "swiss"]
[EventRounds "6"]
[EventCountry "CAN"]

1. e4 g6 2. d4 Bg7 3. Nf3 d6 4. Be2 a6 5. c4 Nd7 6. Nc3 b6 7. Be3 Bb7 8. Qc2 e6
9. O-O h6 10. Rad1 Ne7 11. d5 Bxc3 12. Qxc3 e5 13. Nd2 f5 14. f4 fxe4 15. fxe5
Nxe5 16. Nxe4 Nf5 17. Bf4 Qe7 18. g4 Nh4 19. Nf6+ Qxf6 20. Bxe5 Qxe5 21. Rf6
Qxc3 22. Re6+ Kd7 23. bxc3 Rae8 24. Re1 Rxe6 25. dxe6+ Ke7 26. Kf2 Rf8+ 27. Kg3
g5 28. Bd1 Bf3 29. Bc2 Be2 30. Bf5 Bxc4 31. Re4 Bd5 32. Rd4 Bxe6 33. Re4 Nxf5+
34. gxf5 Rxf5 35. h4 Kf6 36. hxg5+ hxg5 37. Ra4 a5 38. a3 Rc5 39. Kf2 Rc4 40.
Rxc4 Bxc4 41. Ke3 Kf5 42. Kd4 d5 43. Ke3 c5 44. Kf3 b5 45. Ke3 b4 46. axb4 axb4
47. cxb4 cxb4 48. Kd2 b3 49. Kc3 g4 50. Kd2 g3 51. Kc3 g2 52. Kd2 g1=Q 53. Kc3
Qc5 54. Kd2 Qd4+ 55. Kc1 Qc3+ 56. Kd1 Qc2+ 57. Ke1 Qe2# 0-1

[Event "Pere Noel U1800 Online"]
[Site "Chess.com"]
[Date "2020.12.27"]
[Round "3"]
[White "Berlinguet, Etienne"]
[Black "Wu, Ting En Ryan"]
[Result "1-0"]
[WhiteElo "1305"]
[BlackElo "945"]
[PlyCount "55"]
[EventDate "2020.12.27"]
[EventType "swiss"]
[EventRounds "6"]
[EventCountry "CAN"]

1. e4 c5 2. Nf3 Nc6 3. d4 cxd4 4. Nxd4 Nf6 5. f3 d6 6. Nc3 g6 7. Be3 Bg7 8. Qd2
O-O 9. O-O-O Bd7 10. h4 Rc8 11. g4 Ne5 12. h5 Nc4 13. Bxc4 Rxc4 14. hxg6 fxg6
15. Bh6 a6 16. Bxg7 Kxg7 17. Qh6+ Kg8 18. e5 Rxd4 19. Rxd4 dxe5 20. Rdd1 Qc7
21. Nd5 Qc8 22. Nxe7+ Kf7 23. Nxc8 Rxc8 24. Qd2 Be6 25. a3 Re8 26. Qb4 Re7 27.
Rhe1 Nd7 28. Rh1 1-0

[Event "Pere Noel U1800 Online"]
[Site "Chess.com"]
[Date "2020.12.27"]
[Round "3"]
[White "Boileau, Dominic"]
[Black "Dugas, Hugues"]
[Result "1-0"]
[WhiteElo "1997"]
[BlackElo "1439"]
[PlyCount "68"]
[EventDate "2020.12.27"]
[EventType "swiss"]
[EventRounds "6"]
[EventCountry "CAN"]

1. d4 g6 2. e4 d6 3. Nc3 Bg7 4. f4 Nh6 5. Nf3 O-O 6. Be3 Ng4 7. Bg1 Nc6 8. h3
Nf6 9. Qd2 a6 10. O-O-O b5 11. a3 Bb7 12. Be3 b4 13. axb4 Nxb4 14. f5 a5 15.
Bd3 Nxd3+ 16. Qxd3 a4 17. Kb1 a3 18. b3 gxf5 19. exf5 Nd5 20. Nxd5 Bxd5 21. f6
exf6 22. Nh4 Re8 23. Qd2 Be4 24. Rhf1 Qb8 25. Ka2 Bxc2 26. Qxc2 Rxe3 27. Nf5
Re6 28. Rf4 Qe8 29. Rd2 h5 30. Rh4 Bh6 31. Nxh6+ Kf8 32. Nf5 Qb5 33. Rxh5 Kg8
34. Nh6+ Kg7 1-0

[Event "Pere Noel U1800 Online"]
[Site "Chess.com"]
[Date "2020.12.27"]
[Round "3"]
[White "Guillemette, Thomas"]
[Black "Fortin, Anne-Esmee"]
[Result "0-1"]
[WhiteElo "1379"]
[BlackElo "1598"]
[PlyCount "126"]
[EventDate "2020.12.27"]
[EventType "swiss"]
[EventRounds "6"]
[EventCountry "CAN"]

1. e4 e5 2. Nf3 Nc6 3. Bc4 Bc5 4. c3 Nf6 5. d4 exd4 6. cxd4 Bb4+ 7. Nc3 Nxe4 8.
O-O Nxc3 9. bxc3 Be7 10. Re1 O-O 11. d5 Na5 12. Bd3 c6 13. d6 Bf6 14. Bb2 b5
15. Bc2 Nc4 16. Qd3 g6 17. Bc1 Bg7 18. Bf4 Qf6 19. Re4 Qxc3 20. Qxc3 Bxc3 21.
Rc1 Bg7 22. Bb3 Nb6 23. Rce1 Bb7 24. Re7 Bf6 25. R7e3 c5 26. Bh6 Bg7 27. Bxg7
Kxg7 28. Re7 c4 29. Bc2 Bxf3 30. gxf3 a5 31. R1e5 b4 32. Rg5 a4 33. Be4 Ra7 34.
Rb5 Nc8 35. Ree5 b3 36. axb3 cxb3 37. Red5 a3 38. Rd1 b2 39. Bb1 a2 40. Rxb2
a1=Q 41. Ra2 Rxa2 42. Bxa2 Qxd1+ 43. Kg2 Qxd6 44. h4 Re8 45. Bb1 Re5 46. Be4
Rh5 47. Kh3 Qf4 48. Kg2 Rxh4 49. Kf1 Rh1+ 50. Ke2 Nd6 51. Kd3 Rd1+ 52. Kc2 Qc1+
53. Kb3 Qd2 54. Bc2 Qd5+ 55. Kb2 Nc4+ 56. Kb3 Ne3+ 57. Kb2 Nxc2 58. Kxc2 Qd3+
59. Kb2 Qc4 60. f4 Rd3 61. f5 Qb4+ 62. Kc2 Qb3+ 63. Kc1 Rd1# 0-1

[Event "Pere Noel U1800 Online"]
[Site "Chess.com"]
[Date "2020.12.27"]
[Round "3"]
[White "Lemay, Marc-Antoine"]
[Black "Duval, Mathieu"]
[Result "1-0"]
[WhiteElo "1597"]
[BlackElo "1587"]
[PlyCount "75"]
[EventDate "2020.12.27"]
[EventType "swiss"]
[EventRounds "6"]
[EventCountry "CAN"]

1. d4 Nf6 2. Nf3 c5 3. Bf4 Nc6 4. Nc3 Qb6 5. Na4 Qa5+ 6. c3 cxd4 7. Nxd4 e5 8.
Nxc6 bxc6 9. b4 Qc7 10. Bg5 Ne4 11. Be3 Ba6 12. f3 Nf6 13. Bg5 Nd5 14. e4 Bxf1
15. Rxf1 Nb6 16. Kf2 Nxa4 17. Qxa4 Qb6+ 18. Be3 Qb5 19. Qxb5 cxb5 20. a4 bxa4
21. Rxa4 a6 22. Rfa1 Rc8 23. Bd2 Be7 24. Rxa6 O-O 25. Ra7 Rfd8 26. Rb7 Bh4+ 27.
g3 Be7 28. Raa7 Bd6 29. Rxd7 Bb8 30. Rxd8+ Rxd8 31. Ra2 Rd3 32. Ke2 Rd8 33. Ra8
Rc8 34. Be3 Rf8 35. Bc5 Re8 36. Bd6 Bxd6 37. Rxe8+ Bf8 38. b5 1-0

[Event "Pere Noel U1800 Online"]
[Site "Chess.com"]
[Date "2020.12.27"]
[Round "3"]
[White "Potvin, Alain-Nicolas"]
[Black "Dufresne, Alexandre"]
[Result "1/2-1/2"]
[WhiteElo "1578"]
[BlackElo "1605"]
[PlyCount "142"]
[EventDate "2020.12.27"]
[EventType "swiss"]
[EventRounds "6"]
[EventCountry "CAN"]

1. d4 Nf6 2. Nf3 e6 3. Bf4 c5 4. e3 Nc6 5. c3 a6 6. Nbd2 b5 7. Bd3 Bb7 8. Qe2
Be7 9. O-O cxd4 10. cxd4 h6 11. h3 g5 12. Bh2 g4 13. hxg4 Nxg4 14. Bf4 h5 15.
e4 Nb4 16. Bb1 Qb6 17. a3 Nc6 18. d5 Nd4 19. Nxd4 Qxd4 20. Nf3 Qf6 21. Bd2 e5
22. Bg5 Qg7 23. Bxe7 Kxe7 24. Nh4 Qg5 25. Nf5+ Kf8 26. Qf3 Nh6 27. Nd6 Rb8 28.
Bd3 Ke7 29. Nxb7 Rxb7 30. Rac1 f6 31. Rc2 Nf7 32. Rfc1 h4 33. Qh3 Kd6 34. Rc6+
Ke7 35. Rc7 Rxc7 36. Rxc7 Rd8 37. Qe6+ Kf8 38. Rxd7 Rxd7 39. Qxd7 Qc1+ 40. Bf1
Qc5 41. Qe6 Qd6 42. Qg4 Ng5 43. Qxh4 Kg7 44. Qg4 Kf7 45. Qf5 Kg7 46. Be2 Qc7
47. Bh5 Qc1+ 48. Kh2 Qf4+ 49. Qxf4 exf4 50. f3 Kf8 51. Bg4 Ke7 52. g3 fxg3+ 53.
Kxg3 Kd6 54. Kf4 Nf7 55. Kf5 Ke7 56. Bh5 Nd6+ 57. Kg6 Nc4 58. Bg4 Nxb2 59. Bc8
a5 60. f4 b4 61. axb4 axb4 62. e5 fxe5 63. fxe5 Nc4 64. d6+ Kd8 65. Be6 Nxe5+
66. Kf5 Nc6 67. Ke4 Na5 68. Kd3 b3 69. Kc3 Nb7 70. d7 Nc5 71. Bxb3 Nxd7 1/2-1/2

[Event "Pere Noel U1800 Online"]
[Site "Chess.com"]
[Date "2020.12.28"]
[Round "4"]
[White "Berlinguet, Etienne"]
[Black "Guillemette, Thomas"]
[Result "0-1"]
[WhiteElo "1236"]
[BlackElo "1398"]
[PlyCount "88"]
[EventDate "2020.12.27"]
[EventType "swiss"]
[EventRounds "6"]
[EventCountry "CAN"]

1. e4 c5 2. Nf3 d6 3. d4 cxd4 4. Nxd4 Nf6 5. Nc3 g6 6. f3 Bg7 7. Be3 O-O 8. Qd2
Bd7 9. O-O-O Nc6 10. g4 Rc8 11. h4 h5 12. gxh5 Nxh5 13. Nxc6 Bxc6 14. Bh3 Bd7
15. Bh6 a5 16. Bxg7 Kxg7 17. Bg4 Rh8 18. Nd5 e5 19. Bxd7 Qxd7 20. Nb6 Qe6 21.
Nxc8 Qxa2 22. c3 Rxc8 23. Qc2 b5 24. Kd2 a4 25. Ra1 Qc4 26. Qd3 Qb3 27. Rhb1
Nf4 28. Qxd6 Re8 29. Qb4 Rd8+ 30. Ke1 Qc2 31. Qxb5 Nd3+ 32. Qxd3 Qxd3 33. Rd1
Qe3+ 34. Kf1 Qxf3+ 35. Ke1 Qxe4+ 36. Kf1 Rxd1+ 37. Rxd1 Qxh4 38. Re1 e4 39. c4
e3 40. Rxe3 Qxc4+ 41. Kf2 Qc2+ 42. Re2 Qb3 43. Ke1 a3 44. bxa3 Qxa3 0-1